| 000 | 00405nam a2200157Ia 4500 | ||
|---|---|---|---|
| 005 | 20250509020712.0 | ||
| 008 | 240331s9999 xx 000 0 und d | ||
| 020 | _a978955095046 | ||
| 082 |
_bSAR _a891 |
||
| 100 | _aSarmiladevi, R | ||
| 245 | 0 | _aMalayaka tamil sanjikaikal oor aaivu | |
| 260 |
_aColombo _bPuravalar puthaka poonga _c2009 |
||
| 300 | _aX, 86 p ., | ||
| 650 | _aResearch Book | ||
| 942 | _cL | ||
| 999 |
_c4973 _d4973 |
||